000
00310nam a2200169Ia 4500
100
_a
Schewe/Olav
650
_a
student
942
_c
BK
366
_f
25
654
_a
student
245
_a
Super Student
260
_b
Jaico
_c
2018
082
_b
SCH
300
_a
220
546
_a
ENGLISH
999
_c
21807
_d
21807